000 01146nam0a2200325 i 4500
001 RU\NLR\bibl\1899451
005 20241114231116.0
010 _a9785976508811
_bФлинта
010 _a978-5-02-037233-7
_bНаука
021 _aRU
_b2012-28066
_92088
035 _a(NLR Aleph) 001889092
090 _a2895083
_c2895083
100 _a20120503d2012 u y0rusy50 ca
101 0 _arus
102 _aRU
105 _aa |||||||||
200 1 _aРусское родство
_eпрошлое и настоящее
_fБ. Н. Казаченко
205 _a2-е изд., стер.
210 _aМосква
_cФлинта
_cНаука
_d2012
215 _a301, [1] с.
_cил., табл.
_d21
320 _aБиблиогр. в конце кн.
606 _aРусские
_xРодство
_xСистемы
_92614563
_3RU\NLR\auth\661551121
686 _aТ3(2)0-2
686 _aТ52(2=Р)-5
700 1 _4070
_7ca
_8rus
_aКазаченко
_bБ. Н.
_f1949-
_gБорис Николаевич
_9186578
_3RU\NLR\AUTH\770186629
801 0 _aRU
_bNLR
_c20120503
_gRCR
801 1 _aRU
_bNLR
_c20120503
942 _cBOOK
980 _aNBR